000 01059nam a2200277Ia 4500
001 Para_3063
003 CHAP
008 220125s1970 xx 000 0 und d
010 _a201565
040 _cCHAP
090 _aPA TESIS 296
100 _aSalazar Moreno, Marco Antonio
_9101411
245 _aDistribución de Radopholus similis (Coob., 1893) Thorne, 1949 en el estado de Chiapas, causante de la pudrición de raíces y rizomas en plátano Musa spp. /
_c Marco Antonio Salazar Moreno
260 _aChapingo, Méx. :
_b El autor
300 _a47 h.
502 _aTesis (Ing. Agr. Esp. en Parasitología Agrícola) -- ENA. Departamento de Parasitología Agrícola
650 _aRadopholus similis Plátano
_x Enfermedades por nemátodos Pudrición de la raíz
_x Plátano
_9166487
710 _aENA. Departamento de Parasitologia Agricola
_936701
901 _aPA TESIS 296
902 _aA
905 _a0000001970 CHAa 0000000000 00
910 _a1970
942 _cPARA
942 _cPARA
_d1
999 _c201565
_d201565